Technology for motor mechanics : (Record no. 11765)
[ view plain ]
| 000 -LEADER | |
|---|---|
| fixed length control field | 00744nam a2200229Ia 4500 |
| 008 - FIXED-LENGTH DATA ELEMENTS--GENERAL INFORMATION | |
| fixed length control field | 210303s9999 xx 000 0 und d |
| 016 ## - NATIONAL BIBLIOGRAPHIC AGENCY CONTROL NUMBER | |
| Source | retro2022 |
| 020 ## - INTERNATIONAL STANDARD BOOK NUMBER | |
| ISBN | `0713132736 |
| 040 ## - CATALOGING SOURCE | |
| Original cataloging agency | NLN |
| Language of cataloging | English |
| 100 ## - MAIN ENTRY--AUTHOR | |
| Author | MUDD, S. C. |
| Relator term | aut |
| 245 #0 - TITLE STATEMENT | |
| Title | Technology for motor mechanics : |
| Remainder of title | Part 2 vehicle and electrical technology / |
| Statement of responsibility, etc | S. C. Mudd |
| 250 ## - EDITION STATEMENT | |
| Edition statement | 2nd ed. |
| 260 ## - PUBLICATION, DISTRIBUTION, ETC. (IMPRINT) | |
| Place of publication | Ibadan, Oyo State : |
| Name of publisher | Honeyland Resources, |
| Date of publication | 1972 |
| 300 ## - COLLATION | |
| Pagination | ix, 230p. : |
| Other physical details | ill, ; 19cm. |
| 563 ## - BINDING INFORMATION | |
| Binding note | (pbk) |
| 650 ## - TRACINGS | |
| Main Subject | Motor vehicles |
| Subdivision (1st) | Maintenance and repair |
| Subdivision (2nd) | Study and teaching |
| 650 ## - TRACINGS | |
| Main Subject | Motor vehicles |
| Subdivision (1st) | Design and construction |
| Subdivision (2nd) | Study and teaching |
| 942 ## - ADDED ENTRY ELEMENTS (KOHA) | |
| Item type | Books |
| 942 ## - ADDED ENTRY ELEMENTS (KOHA) | |
| Suppress in OPAC | No |
| 050 ## - LIBRARY OF CONGRESS CALL NUMBER | |
| Classification number | TL152 |
| Item number | .M943 |
| 082 ## - DEWEY DECIMAL CLASSIFICATION NUMBER | |
| Classification number | 629.2872 |
| Source of classification or shelving scheme | Not for loan | Home library | Current library | Date acquired | Full call number | Barcode. | Koha item type |
|---|---|---|---|---|---|---|---|
| Library of Congress Classification | IBADAN BRANCH LIBRARY | National Library of Nigeria | 04/03/2021 | TL152 .M943 | 2024-555555550995235 | Books |
